| 000 | nam a22 7a 4500 | ||
|---|---|---|---|
| 999 |
_c3371 _d3371 |
||
| 005 | 20170522123424.0 | ||
| 008 | 170522b1988 ny ||||| |||| 00| 0 eng d | ||
| 020 | _a0471631760 | ||
| 040 | _aAKMAL | ||
| 082 | _a658.402 KEI | ||
| 090 |
_a658.402 _bKEI |
||
| 100 | 1 |
_aKeidel, Robert W. _96822 |
|
| 245 | 1 | 0 |
_aCorporate players : _bdesigns for working and winning together / _cRobert W. Keidel |
| 260 |
_aNew York : _b Wiley, _cc1988 |
||
| 300 | _ccm | ||
| 500 | _aIncludes indexes. | ||
| 504 | _aBibliography: p. 211-212 | ||
| 650 | 0 |
_aOrganizational change. _9567 |
|
| 650 | 0 |
_aOrganizational effectiveness _9566 |
|
| 650 | 0 |
_aTeams in the workplace _9557 |
|
| 942 |
_2ddc _cBOOK |
||